La police secrète prussienne / (Record no. 166347)

MARC details
000 -LEADER
campo de control de longitud fija 00615nam a22001935i 4500
001 - NÚMERO DE CONTROL
campo de control 166347
003 - IDENTIFICADOR DE NÚMERO DE CONTROL
campo de control ES-MaACL
005 - FECHA Y HORA DE LA ÚLTIMA TRANSACCIÓN
campo de control 20230906213319.0
008 - DATOS DE LONGITUD FIJA--INFORMACIÓN GENERAL
campo de control de longitud fija 050914s1884 fr | |||||||| ||fre d
040 ## - FUENTE DE CATALOGACIÓN
Centro catalogador/agencia de origen CAM
Lengua de catalogación spa
Centro/agencia transcriptor CAM
100 1# - ENTRADA PRINCIPAL--NOMBRE DE PERSONA
Nombre de persona Tissot, Victor.
9 (RLIN) 110345
245 13 - MENCIÓN DEL TÍTULO
Título La police secrète prussienne /
Mención de responsabilidad, etc. Victor Tissot.
250 ## - MENCION DE EDICION
Mención de edición 6e éd.
260 ## - PUBLICACIÓN, DISTRIBUCIÓN, ETC.
Lugar de publicación, distribución, etc. Paris :
Nombre del editor, distribuidor, etc. E. Dentu éditeur,
Fecha de publicación, distribución, etc. 1884 (
Fabricante Soc. d'imp. Paul Dupont)
300 ## - DESCRIPCIÓN FÍSICA
Extensión 436 p. ;
Dimensiones 19 cm.
651 04 - PUNTO DE ACCESO ADICIONAL DE MATERIA--NOMBRE GEOGRÁFICO
Nombre geográfico Alemania-
Subdivisión general Historia-
Subdivisión cronológica S. XIX.
9 (RLIN) 7665
752 ## - ENTRADA AGREGADA--NOMBRE JERÁRQUICO DEL LUGAR
País o entidad superior Francia -
Ciudad Historia
852 ## - LOCALIZACIÓN
Ubicación ES-MaACL
Número de control de estantería D-2700
Nota libre -- Rust.
-- -- Legado M. de la Fuente
Holdings
Estatus retirado Estado de pérdida Estado de daño No para préstamo Colección Biblioteca de origen Biblioteca actual Ubicación en estantería Fecha de adquisición Fuente de adquisición Total de préstamos Signatura topográfica completa Código de barras Visto por última vez Precio de reemplazo Tipo de ítem Koha
        Libros del s. XIX Biblioteca del Ateneo de Madrid Biblioteca del Ateneo de Madrid Sala Valle Inclán 17/01/2008     D-2700 901174455 23/02/2023 23/02/2023 Libro impreso antiguo